000 00659nam a2200229Ia 4500
003 OSt
005 20220923220315.0
006 a|||||r|||| 00| 0
007 ta
008 220922b |||||||| |||| 00| 0 hin d
024 _a185,860
037 _cTextual
040 _aARTS
_cARTS
_bhin
041 _2hin
_ahin
082 _aY15926:1::2:N5, 152J0
100 _aअम्बेडकर, बी0 आर0
_9160419
245 0 _aशुद्रो की खोज
246 _aShudro kī khoja
260 _c1950
942 _hY15926:1::2:N5, 152J0
_cTEXL
_2CC
999 _c339105
_d339105